| 000 | 00368nam a2200133Ia 4500 | ||
|---|---|---|---|
| 008 | 211118s9999||||xx |||||||||||||| ||und|| | ||
| 082 |
_a891.436 _bMIS-V |
||
| 100 | _aAshith Kumar, Misra | ||
| 245 | 0 | _aVyvaharika Hindi | |
| 260 |
_bUnknown Publisher _aNo Place _c2000 |
||
| 630 | _xGeneral Stack | ||
| 650 |
_aHindi Literature _vHindi LettersGeneralia |
||
| 942 | _cBOOK | ||
| 999 |
_c102900 _d102900 |
||